Country Pairs that Export the Most Coffee - Statistics

General Stats
  • This quiz has been taken 114 times
  • The average score is 13 of 17
Answer Stats
Country % Correct
United States
97%
Brazil
96%
Colombia
96%
Canada
92%
Mexico
92%
France
91%
Italy
86%
Germany
85%
Netherlands
73%
Japan
72%
Belgium
71%
Poland
67%
Vietnam
62%
Switzerland
59%
Guatemala
48%
Honduras
46%
Nicaragua
43%
No matching quizzes found
Score Distribution
Percent of People with Each Score
Percentile by Number Answered
Your Score History
You have not taken this quiz